[Event "Treviso op-B 4th"]
[Site "Treviso"]
[Date "2023.03.31"]
[Round "1"]
[White "Kofler, Albin Ernst"]
[Black "Petrosino, Germano"]
[Result "0-1"]
[WhiteElo "1455"]
[BlackElo "1633"]
[PlyCount "52"]
[EventDate "2023.03.31"]
[EventType "swiss"]
[EventRounds "5"]
[EventCountry "ITA"]
[SourceTitle "EXT 2024"]
[Source "ChessBase"]
[SourceDate "2023.10.10"]
[SourceVersion "1"]
[SourceVersionDate "2023.10.10"]
[SourceQuality "1"]

1. Nf3 d6 2. d4 Nf6 3. g3 Nbd7 4. Bg2 e5 5. dxe5 dxe5 6. 0-0 Be7 7. c4 0-0 8. Nc3 c6 9. Qc2 Qc7 10. b3 a5 11. Bb2 Re8 12. a4 Nc5 13. Nd2 Be6 14. Nce4 Nfxe4 15. Nxe4 Na6 16. Qc3 f5 17. Bh3 Bb4 18. Qxe5 Qxe5 19. Bxe5 fxe4 20. Bxe6+ Rxe6 21. Bf4 Nc5 22. Rad1 Rae8 23. Bd6 Nxb3 24. Bxb4 axb4 25. Rd7 Nc5 26. Rd4 Ra8 0-1

[Event "Nova Gorica op 25th"]
[Site "Nova Gorica"]
[Date "2020.01.25"]
[Round "3"]
[White "Ciric, Pavle"]
[Black "Petrosino, Germano"]
[Result "1-0"]
[WhiteElo "2027"]
[BlackElo "1746"]
[PlyCount "43"]
[EventDate "2020.01.24"]
[EventType "swiss"]
[EventRounds "9"]
[EventCountry "SLO"]
[SourceTitle "CBM 194"]
[Source "ChessBase"]
[SourceDate "2020.01.27"]
[SourceVersion "1"]
[SourceVersionDate "2020.01.27"]
[SourceQuality "1"]

1. e4 d6 2. d4 Nf6 3. Bd3 e5 4. Ne2 Nc6 5. 0-0 Be7 6. f4 0-0 7. d5 Nb8 8. fxe5 dxe5 9. h3 Nbd7 10. c4 Nc5 11. Nbc3 c6 12. Rb1 a5 13. Ng3 g6 14. Bc2 Qc7 15. d6 Bxd6 16. Rxf6 Be6 17. Qe2 Rfd8 18. Be3 Be7 19. Rff1 h5 20. b3 h4 21. Nf5 gxf5 22. exf5 1-0

[Event "Arco Christmas op 7th"]
[Site "Arco"]
[Date "2016.12.26"]
[Round "1"]
[White "Belli, Giorgio"]
[Black "Petrosino, Germano"]
[Result "1-0"]
[WhiteElo "2157"]
[BlackElo "1738"]
[PlyCount "49"]
[EventDate "2016.12.26"]
[EventType "swiss"]
[EventRounds "7"]
[EventCountry "ITA"]
[SourceTitle "CBM 176 Extra"]
[Source "ChessBase"]
[SourceDate "2017.03.02"]
[SourceVersion "1"]
[SourceVersionDate "2017.03.02"]
[SourceQuality "1"]

1. e4 d6 2. d4 Nf6 3. Nc3 e5 4. Nf3 Nbd7 5. Bc4 Be7 6. 0-0 0-0 7. Re1 h6 8. Bb3 c6 9. a4 a5 10. h3 Qc7 11. Be3 Re8 12. Nd2 Nf8 13. Nc4 N6d7 14. Qh5 Nf6 15. Qxf7+ Kh8 16. d5 c5 17. f4 Bd7 18. fxe5 dxe5 19. d6 Bxd6 20. Bxh6 Re7 21. Bxg7+ Kh7 22. Qxf6 Rxg7 23. Nxd6 Ng6 24. Nf5 Bxf5 25. exf5 1-0

[Event "Chioggia op-B 11th"]
[Site "Chioggia"]
[Date "2016.10.08"]
[Round "3"]
[White "Petrosino, Germano"]
[Black "Pieropan, Giorgio"]
[Result "1/2-1/2"]
[WhiteElo "1751"]
[BlackElo "1848"]
[PlyCount "109"]
[EventDate "2016.10.07"]
[EventType "swiss"]
[EventRounds "5"]
[EventCountry "ITA"]
[SourceTitle "EXT 2022"]
[Source "ChessBase"]
[SourceDate "2021.10.06"]
[SourceVersion "1"]
[SourceVersionDate "2021.10.06"]
[SourceQuality "1"]

1. d4 Nf6 2. c4 e6 3. Nc3 b6 4. e4 Bb4 5. e5 Ng8 6. Bd3 Bb7 7. Nge2 Ne7 8. 0-0 Bxc3 9. Nxc3 Ng6 10. f4 f5 11. Qe2 Qe7 12. Be3 a6 13. d5 0-0 14. Rad1 Qe8 15. Qf2 Rf7 16. Be2 Nf8 17. Bf3 Qc8 18. b4 g6 19. c5 bxc5 20. bxc5 c6 21. Na4 Qc7 22. Nb6 Ra7 23. d6 Qd8 24. a4 a5 25. Qd2 h6 26. Rfe1 Nh7 27. Rb1 g5 28. fxg5 hxg5 29. Bh5 Rg7 30. Qf2 Na6 31. Bd2 Nb8 32. Nc4 Ba6 33. Bxa5 Qf8 34. Bc7 Bb7 35. Na5 Rxa5 36. Rxb7 Ra8 37. Be2 Kh8 38. Reb1 Rg8 39. a5 Qg7 40. Bxb8 Qxe5 41. a6 Nf6 42. a7 Ne4 43. Qe3 Rg7 44. Bf3 Rh7 45. Bxe4 Qxh2+ 46. Kf2 fxe4 47. Qxg5 Rg7 48. Qxg7+ Kxg7 49. Rxd7+ Kg6 50. Rbb7 Qf4+ 51. Kg1 Qe3+ 52. Kh1 Qxc5 53. Re7 Qh5+ 54. Kg1 Qc5+ 55. Kh1 1/2-1/2

[Event "Chioggia op-B 10th"]
[Site "Chioggia"]
[Date "2015.10.11"]
[Round "5"]
[White "Grudina, Marco"]
[Black "Petrosino, Germano"]
[Result "1-0"]
[WhiteElo "1709"]
[BlackElo "1768"]
[PlyCount "77"]
[EventDate "2015.10.09"]
[EventType "swiss"]
[EventRounds "5"]
[EventCountry "ITA"]
[SourceTitle "EXT 2022"]
[Source "ChessBase"]
[SourceDate "2021.10.06"]
[SourceVersion "1"]
[SourceVersionDate "2021.10.06"]
[SourceQuality "1"]

1. e4 e5 2. Nf3 Nc6 3. Bc4 Be7 4. d4 d6 5. h3 Nf6 6. dxe5 dxe5 7. Qxd8+ Bxd8 8. Nc3 0-0 9. Be3 Be7 10. a3 Bd6 11. 0-0-0 Be6 12. Bxe6 fxe6 13. Rd2 h6 14. Rhd1 Na5 15. Rd3 Nc4 16. Kb1 a6 17. Bc1 Bc5 18. b3 Nxa3+ 19. Bxa3 Bxa3 20. Nxe5 Bd6 21. Ng6 Rfe8 22. e5 Kf7 23. Rg3 Nh5 24. exd6 Nxg3 25. Ne5+ Kf6 26. Ng4+ Kf7 27. fxg3 cxd6 28. Rxd6 Rad8 29. Ne4 Ke7 30. Rxd8 Rxd8 31. Kc1 b6 32. Ne5 Rd5 33. Nc6+ Kf7 34. Nb8 a5 35. Na6 Rd4 36. Nd2 e5 37. Nf3 Re4 38. Kd2 Kf6 39. Kd3 1-0

[Event "Chioggia op-B 10th"]
[Site "Chioggia"]
[Date "2015.10.10"]
[Round "2"]
[White "Petrosino, Germano"]
[Black "Solinas, Roberto"]
[Result "1/2-1/2"]
[WhiteElo "1768"]
[BlackElo "1723"]
[PlyCount "49"]
[EventDate "2015.10.09"]
[EventType "swiss"]
[EventRounds "5"]
[EventCountry "ITA"]
[SourceTitle "EXT 2022"]
[Source "ChessBase"]
[SourceDate "2021.10.06"]
[SourceVersion "1"]
[SourceVersionDate "2021.10.06"]
[SourceQuality "1"]

1. d4 d5 2. c4 e6 3. Nc3 Be7 4. cxd5 exd5 5. Bf4 c6 6. e3 Bf5 7. g4 Bg6 8. h4 Bxh4 9. Qb3 b5 10. Nxb5 cxb5 11. Bxb5+ Nd7 12. Bxd7+ Qxd7 13. Rxh4 Nf6 14. Rc1 0-0 15. Rc7 Qe6 16. f3 Qa6 17. Rc3 Rfc8 18. Ne2 Rxc3 19. Nxc3 Rc8 20. Qb5 Qxb5 21. Nxb5 Rc1+ 22. Kf2 Rc2+ 23. Kg3 Rxb2 24. Nxa7 Rxa2 25. Nc6 1/2-1/2

[Event "Chioggia op-A 06th"]
[Site "Chioggia"]
[Date "2011.10.08"]
[Round "2"]
[White "Boraso, Alessio"]
[Black "Petrosino, Germano"]
[Result "1-0"]
[WhiteElo "1960"]
[BlackElo "1825"]
[PlyCount "53"]
[EventDate "2011.10.07"]
[EventType "swiss"]
[EventRounds "5"]
[EventCountry "ITA"]
[SourceTitle "EXT 2022"]
[Source "ChessBase"]
[SourceDate "2021.10.06"]
[SourceVersion "1"]
[SourceVersionDate "2021.10.06"]
[SourceQuality "1"]

1. d4 Nf6 2. c4 e6 3. Nc3 Bb4 4. e3 c5 5. a3 Bxc3+ 6. bxc3 0-0 7. Bd3 Nc6 8. Ne2 b6 9. e4 d6 10. Bg5 e5 11. d5 Na5 12. 0-0 h6 13. Bh4 g5 14. Bg3 Ba6 15. h4 Bxc4 16. Bh2 Nh5 17. Bxc4 Nxc4 18. Nd4 Nf6 19. Nf5 Kh7 20. hxg5 hxg5 21. Qd3 Kg6 22. Qxc4 Rh8 23. f3 Rh7 24. Bg3 Nh5 25. Kf2 a6 26. a4 Qd7 27. Rab1 1-0

[Event "Nova Gorica op-B 13th"]
[Site "Nova Gorica"]
[Date "2008.01.31"]
[Round "8"]
[White "Petrosino, Germano"]
[Black "Savoia, Serge"]
[Result "0-1"]
[WhiteElo "1518"]
[BlackElo "1893"]
[PlyCount "56"]
[EventDate "2008.01.26"]
[EventType "swiss"]
[EventRounds "9"]
[EventCountry "SLO"]
[SourceTitle "EXT 2010"]
[Source "ChessBase"]
[SourceDate "2010.11.25"]
[SourceVersion "1"]
[SourceVersionDate "2010.11.25"]
[SourceQuality "1"]

1. e4 d6 2. d4 Nf6 3. Nc3 g6 4. f4 Bg7 5. Nf3 c5 6. dxc5 Qa5 7. Bb5+ Bd7 8. Bd3 Qxc5 9. Qe2 Ng4 10. Bd2 Nc6 11. h3 Nf6 12. Be3 Qa5 13. 0-0 Nh5 14. Qe1 Bxc3 15. bxc3 e5 16. fxe5 dxe5 17. Ng5 Nd8 18. Qf2 f6 19. Nf3 Ne6 20. Rab1 b6 21. Nh2 0-0 22. Ng4 Nef4 23. Bc4+ Kg7 24. Bxf4 Nxf4 25. Bd5 Rac8 26. c4 h5 27. Qe3 hxg4 28. hxg4 Qc5 0-1

[Event "Nova Gorica op-B 13th"]
[Site "Nova Gorica"]
[Date "2008.01.31"]
[Round "9"]
[White "Petrosino, Germano"]
[Black "Stolfa, Rodolfo"]
[Result "1/2-1/2"]
[WhiteElo "1518"]
[BlackElo "1914"]
[PlyCount "24"]
[EventDate "2008.01.26"]
[EventType "swiss"]
[EventRounds "9"]
[EventCountry "SLO"]
[SourceTitle "EXT 2010"]
[Source "ChessBase"]
[SourceDate "2010.11.25"]
[SourceVersion "1"]
[SourceVersionDate "2010.11.25"]
[SourceQuality "1"]

1. e4 e5 2. Nf3 Nc6 3. Bb5 d6 4. d4 exd4 5. Nxd4 Bd7 6. Bxc6 bxc6 7. Nc3 Be7 8. 0-0 Bf6 9. f4 g6 10. Re1 Ne7 11. e5 Bg7 12. exd6 cxd6 1/2-1/2

[Event "Nova Gorica op-B 13th"]
[Site "Nova Gorica"]
[Date "2008.01.27"]
[Round "3"]
[White "Ursic, Simona"]
[Black "Petrosino, Germano"]
[Result "1-0"]
[WhiteElo "2090"]
[BlackElo "1518"]
[PlyCount "79"]
[EventDate "2008.01.26"]
[EventType "swiss"]
[EventRounds "9"]
[EventCountry "SLO"]
[SourceTitle "EXT 2010"]
[Source "ChessBase"]
[SourceDate "2010.11.25"]
[SourceVersion "1"]
[SourceVersionDate "2010.11.25"]
[SourceQuality "1"]

1. e4 e5 2. Nf3 Nc6 3. Bc4 Bc5 4. c3 Nf6 5. d3 d6 6. Nbd2 0-0 7. Bb3 Bg4 8. h3 Be6 9. 0-0 Nh5 10. Nc4 Qf6 11. Nfxe5 Ng3 12. Nxc6 Nxf1 13. d4 Bxc4 14. Bxc4 bxc6 15. dxc5 Qe5 16. Qxf1 Qxc5 17. Be3 Qe5 18. Bd3 Rae8 19. Qd1 Ra8 20. f4 Qe7 21. Qf3 Rfe8 22. Rf1 d5 23. e5 Rad8 24. b4 a5 25. Bc5 Qe6 26. bxa5 Ra8 27. a6 Reb8 28. f5 Qxe5 29. Bd4 Qd6 30. f6 g6 31. Qf2 Qa3 32. Qe3 Re8 33. Qh6 Qf8 34. Qxf8+ Rxf8 35. Re1 Rfe8 36. Re7 Rac8 37. a7 Kf8 38. Bc5 Kg8 39. Ba6 Rcd8 40. Bb7 1-0